Score 0/8 Timer 06:00
0 Plays Today
% Correct
Centre Party
64%
Social Democratic Party
63.3%
Nazi Party
59%
German Communist Party
30.9%
German People's Party
30.2%
German Democratic Party
26.6%
Nationalist Party
15.1%
1.4%
Remove Ads.
Support Sporcle.
Get the best of Sporcle when you Go Orange. This ad-free experience offers more features, more stats, and more fun while also helping to support Sporcle. Thank you for becoming a member.

You're not logged in!

Compare scores with friends on all Sporcle quizzes.
OR
Log In

Show Comments

Extras

Created Sep 25, 2009ReportNominate
Tags:Politics Quiz, Party, republic, Weimar

Top Quizzes Today


Score Distribution

Your Account Isn't Verified!

In order to create a playlist on Sporcle, you need to verify the email address you used during registration. Go to your Sporcle Settings to finish the process.

Report this User

Report this user for behavior that violates our Community Guidelines.

Details: